| 000 | 01592cam a22003494a 4500 | ||
|---|---|---|---|
| 001 | 13959056 | ||
| 005 | 20060302142003.0 | ||
| 008 | 050509s2006 paua f b 001 0 engs | ||
| 010 | _a 2005013546 | ||
| 020 | _a1591403243 (hc.) | ||
| 020 | _a1591403251 (pbk.) | ||
| 020 | _a159140326X (ebook) | ||
| 040 |
_aDLC _cDLC _dDLC |
||
| 042 | _apcc | ||
| 050 | 0 | 0 |
_aQA76.9.D3 _bG347 2006 |
| 082 | 0 | 0 |
_a005.74 _222 _bGAL |
| 100 | 1 |
_aGalindo, Jose, _d1970- _921322 |
|
| 245 | 1 | 0 |
_aFuzzy databases : _bmodeling, design, and implementation / _cJose Galindo, Angelica Urrutia, Mario Piattini. |
| 260 |
_aHershey [Pa.] : _bIdea Group Pub., _cc2006. |
||
| 300 |
_axvi, 320 p. : _bill.; _c27 cm. |
||
| 500 | _aIncludes Index. | ||
| 504 | _aIncludes bibliographical references (p. 282-298) and index. | ||
| 520 | _a"This book includes an introduction to fuzzy logic, fuzzy databases and an overview of the state of the art in fuzzy modeling in databases"--Provided by publisher. | ||
| 650 | 0 |
_aDatabase management. _921323 |
|
| 650 | 0 |
_aFuzzy sets. _921324 |
|
| 700 | 1 |
_aUrrutia, Angelica. _921325 |
|
| 700 | 1 |
_aPiattini, Mario, _d1966- _921326 |
|
| 856 | 4 | 1 |
_3Table of contents _uhttp://www.loc.gov/catdir/toc/ecip0512/2005013546.html |
| 942 |
_2ddc _cBB |
||
| 999 |
_c14844 _d14844 |
||